000 01452aam a2200505 4500
005 20250814144931.0
008 150309b2014 xxu||||| |||| 00| 0 spa d
020 _a9786073225076
041 _aESP
082 _a658.409 2 P949e
100 _aPrieto Sierra, Carlos
_96142
245 _aEmprendimiento: Conceptos y plan de negocios
260 _aMéxico
260 _bPearson educación
260 _c2014
300 _a336 páginas
490 _aDirección y Administración de empresas
650 _aLIDERAZGO EJECUTIVO
650 _aEMPRENDEDURISMO
650 _aADMINISTRACIÓN DE PROYECTOS
650 _aEMPRENDIMIENTO
650 _aLA EMPRESA
650 _aCICLO DE VIDA DE LA EMPRESA
650 _aORGANIZACIÓN EMPRESARIAL
650 _aINNOVACIÓN
650 _aESTUDIOS DE CASO
650 _aRESPONSABILIDAD SOCIAL EMPRESARIAL
650 _aCOMPETENCIAS EMPRENDEDORAS
650 _aECOSISTEMA EMPRENDEDOR
650 _aÉTICA EMPRESARIAL
650 _aMERCADOTECNIA
650 _aVENTAS
650 _aCADENA DE SUMINISTROS
650 _aRECURSOS HUMANOS
650 _aFINANZAS
650 _aTECNOLOGÍA Y SISTEMAS
650 _aUSO DE TECNOLOGÍA EN LA EMPRESA
650 _aEMPRESA Y SU ENTORNO
650 _aINNOVACIÓN
650 _aPERFIL DEL EMPRESARIO
650 _aPLAN DE NEGOCIOS
650 _aPENSAMIENTO CRÍTICO
650 _aHERRAMIENTAS DEL INNOVADOR
942 _cBK
_2ddc
999 _c7751
_d7751